Countries which does not have any official google street view coverage - Statistics

General Stats
  • This quiz has been taken 66 times
  • The average score is 46 of 78
Answer Stats
Answer % Correct
North korea
89%
Afghanistan
75%
Democratic republic of the congo
75%
Togo
73%
Sudan
71%
Liberia
69%
Mali
69%
Republic of the congo
69%
South sudan
69%
Yemen
69%
Benin
67%
Niger
67%
Tonga
67%
Burundi
65%
Marshall islands
65%
Tuvalu
65%
Central african republic
64%
Chad
64%
Guinea
64%
Iran
64%
Libya
64%
Mauritania
64%
Oman
64%
Saint kitts and nevis
64%
Saint vincent and the grenadines
64%
Samoa
64%
Grenada
62%
Micronesia
62%
Palau
62%
Turkmenistan
62%
Uzbekistan
62%
Djibouti
60%
Guinea bissau
60%
Rwanda
60%
Sierra leone
60%
Solomon islands
60%
Somalia
60%
Angola
58%
Cameroon
58%
Haiti
58%
Malawi
58%
Myanmar
58%
Nauru
58%
Papua new guinea
58%
Tajikistan
58%
Ethiopia
56%
Kiribati
56%
Mozambique
56%
Seychelles
56%
Syria
56%
Zambia
56%
Algeria
55%
Antigua and barbuda
55%
Burkina faso
55%
Dominica
55%
Eritrea
55%
Gabon
55%
Guyana
55%
Ivory coast
55%
Namibia
55%
Suriname
55%
Comoros
53%
Cuba
53%
Saudi arabia
53%
Zimbabwe
53%
Brunei
51%
Equatorial guinea
51%
Jamaica
49%
Kazakhstan
49%
Venezuela
49%
Bahamas
47%
Belize
47%
Vatican city
45%
El salvador
44%
Paraguay
44%
Honduras
40%
Nicaragua
40%
Moldova
33%
No matching quizzes found
Score Distribution
Percent of People with Each Score
Percentile by Number Answered
Your Score History
You have not taken this quiz